00691 2200229 4500001002100000005001500021035002000036007000300056008004100059020001800100082001400118084002000132100002000152245008200172260006900254300002700323650001400350650002600364700001300390856003400403990002400437INLIS00000000000805420260226104246 a0010-0226000107ta260226 0 ind  a979-8161-57-2 a631.1:633 a631.1:633 ZAI s0 aZAINI, Zulkifli1 aSistem Usahatani Berbasis Tanaman Pangan Keunggulan Komparatif Dan Kompetitif aBogor :bPusat Penelitian Dan Pengembangan Tanaman Pangan,c1995 a439p. :bIlus ;c24 cm 4aUsahatani 4aKomparatif-Kompetitif0 aHermanto aPerpustakaan BBRMP Jawa Timur a189/2026/BBRMPJATIM